The housing report (Record no. 112861)

MARC details
000 -LEADER
fixed length control field 01309cad a22002295a 4500
001 - CONTROL NUMBER
control field L154141
008 - FIXED-LENGTH DATA ELEMENTS--GENERAL INFORMATION
fixed length control field 111018s2011 xxk f 000 0 eng d
035 ## - SYSTEM CONTROL NUMBER
System control number (Sirsi) u154141
041 0# - LANGUAGE CODE
Language code of text/sound track or separate title eng
110 2# - MAIN ENTRY--CORPORATE NAME
Corporate name or jurisdiction name as entry element Chartered Institute of Housing
9 (RLIN) 2394
245 04 - TITLE STATEMENT
Title The housing report
Remainder of title Edition 1 October 2011
Medium [electronic resource]
260 ## - PUBLICATION, DISTRIBUTION, ETC.
Place of publication, distribution, etc. London
Name of publisher, distributor, etc. CIH
-- NHF
-- Shelter
Date of publication, distribution, etc. 2011
505 2# - FORMATTED CONTENTS NOTE
Formatted contents note Introduction --Summary of findings -- Housing Supply -- Planning -- Overcrowding -- Homelessness -- Evictions, repossessions and arrears -- Help with housing costs -- Empty homes -- Mobility -- Affordability of private rented sector -- Homeownership -- Conclusions -- Appendix
520 ## - SUMMARY, ETC.
Summary, etc. Assesses how the Coalition Government has fared in meeting its stated housing objectives including ensuring sufficient housing supply, tackling homelessness and improving affordability in the private rented sector.
590 ## - LOCAL NOTE (RLIN)
Local note KA NTK
651 #4 - SUBJECT ADDED ENTRY--GEOGRAPHIC NAME
Geographic name England and Wales
Chronological subdivision 1543-
690 ## - LOCAL SUBJECT ADDED ENTRY--TOPICAL TERM (OCLC, RLIN)
Topical term or geographic name as entry element PROPERTY-RESIDENTIAL PROPERTY-DOMESTIC RESIDENTIAL PROPERTY-HOUSING
710 1# - ADDED ENTRY--CORPORATE NAME
Corporate name or jurisdiction name as entry element National Housing Federation
9 (RLIN) 695
710 1# - ADDED ENTRY--CORPORATE NAME
Corporate name or jurisdiction name as entry element Shelter
9 (RLIN) 2788
856 40 - ELECTRONIC LOCATION AND ACCESS
Uniform Resource Identifier <a href="https://england.shelter.org.uk/__data/assets/pdf_file/0011/387992/The_Housing_Report_October_2011.pdf">https://england.shelter.org.uk/__data/assets/pdf_file/0011/387992/The_Housing_Report_October_2011.pdf</a>
Public note View the item free of charge at england.shelter.org.uk
942 ## - ADDED ENTRY ELEMENTS (KOHA)
Suppress in OPAC 0
Holdings
Withdrawn status Lost status Source of classification or shelving scheme Damaged status Not for loan Home library Current library Shelving location Date acquired Total Checkouts Full call number Barcode Date last seen Copy number Price effective from Koha item type
    Dewey Decimal Classification     Virtual Virtual Online 18/10/2011   ONLINE PUBLICATION 154141-2001 06/08/2019 1 06/08/2019 Book